000 01369nam a2200313 4500
001 114689
003 DR-UNIBE
005 20260525152129.0
008 260525b2024 dr ||||| |||| 00| 1 spa d
020 _a9879945800692
040 _aBIBLIOTECA UNIBE
_bspa
_cBIBLIOTECA UNIBE
_erda
041 _aspa
090 _aFBIU-PL CJ L579u
100 1 0 _aLeón, Patricio
_9198243
_eautor
245 1 3 _aUn viaje inmemorial /
_cPatricio León ; diagramación, diseño de cubierta e ilustraciones: Estudio Taína Almodóvar, E. Avanzini ; corrección de estilo: Olga Agustín, Carmen Rosa Estrada
250 _aPrimera edición
260 _a Santo Domingo:
_bPatricio León,
_c2024
300 _a[Sin páginas] :
_bilustraciones a color :
_c26 x 25 cm
500 _aIncluye biografía del autor, comentario de la obra en la contraportada
653 7 _a Cuentos juveniles dominicanos
653 7 _aNavidad - Cuentos juveniles dominicanos
653 7 _aSentimientos - Cuentos juveniles dominicanos
653 7 _aLiteratura juvenil dominicana
700 1 0 _aAvanzini, E.
_9205442
_ediagramador
_ediseñador de cubierta
_eilustrador
700 1 0 _aAgustín, Olga
_9205443
_ecorrector de estilo
700 1 0 _aEstrada, Carmen Rosa
_955533
_ecorrector de estilo
710 1 0 _aEstudio Taína Almodóvar
_9205441
_ediagramador
_ediseñador de cubierta
_eilustrador
942 _2ddc
_cBK
999 _c114689
_d114689